[Event "World Blitz 2023"]
[Site "Samarkand UZB"]
[Date "2023.12.30"]
[Round "18.42"]
[White "Fayzullaev, Akmal"]
[Black "Kosakowski, Jakub"]
[Result "0-1"]
[WhiteElo "2342"]
[BlackElo "2485"]
[EventDate "2023.12.29"]

1. e4 c5 2. Nf3 e6 3. d4 cxd4 4. Nxd4 Nc6 5. Nc3 a6 6. g3 Nxd4 7. Qxd4 b5
8. Bg2 Bb7 9. O-O Ne7 10. Re1 Rc8 11. a4 Nc6 12. Qd3 b4 13. Nd5 Bc5 14. Ne3
Ne5 15. Qe2 O-O 16. Bd2 a5 17. Kh1 Qb6 18. f4 Ba6 19. Qh5 Nc4 20. Nxc4 Bxc4
21. f5 f6 22. Qg4 e5 23. Qf3 d5 24. exd5 Rfd8 25. Rad1 Bxd5 26. Qe2 Qc6 27.
Bc1 Bxg2+ 28. Qxg2 Qxa4 29. Qe4 Rxd1 30. Rxd1 Qc6 31. Rd8+ Kf7 32. Qxc6
Rxc6 33. c3 0-1

[Event "World Blitz 2023"]
[Site "Samarkand UZB"]
[Date "2023.12.30"]
[Round "18.45"]
[White "Gharibyan, Mamikon"]
[Black "Asadli, Vugar"]
[Result "0-1"]
[WhiteElo "2444"]
[BlackElo "2584"]
[EventDate "2023.12.29"]

1. e4 c5 2. Nf3 e6 3. d4 cxd4 4. Nxd4 Nf6 5. Nc3 Nc6 6. a3 Be7 7. Be3 O-O
8. Be2 d6 9. Qd2 a6 10. f4 Qc7 11. O-O-O Na5 12. g4 b5 13. g5 Nd7 14. h4
Nb6 15. Bf2 Nac4 16. Bxc4 Nxc4 17. Qe2 Nxa3 18. h5 Nc4 19. Kb1 Bb7 20. g6
Rac8 21. gxf7+ Rxf7 22. Nxe6 Qa5 23. Nd5 Bxd5 24. Rxd5 Bf6 25. Be1 Qa4 26.
e5 dxe5 27. fxe5 Bxe5 28. Rxe5 Nxe5 29. b3 Qg4 30. Qxg4 Nxg4 31. Rg1 Ne3
32. c3 Rf1 33. Rxg7+ Kh8 34. Ra7 Rxe1+ 35. Ka2 Re2+ 36. Kb1 Nd5 37. Ng5
Nxc3+ 38. Kc1 Na2+ 39. Kd1 Rb2 40. Nf7+ Kg8 41. Nh6+ Kf8 42. Rf7+ Ke8 0-1

[Event "World Blitz 2023"]
[Site "Samarkand UZB"]
[Date "2023.12.30"]
[Round "18.46"]
[White "Pranav, V"]
[Black "Galchenko, Matvey"]
[Result "1-0"]
[WhiteElo "2562"]
[BlackElo "2424"]
[EventDate "2023.12.29"]

1. e4 e6 2. d3 d5 3. Nd2 Nf6 4. Ngf3 c5 5. g3 Be7 6. Bg2 O-O 7. O-O Nc6 8.
e5 Nd7 9. Re1 Qc7 10. Qe2 b5 11. h4 Bb7 12. Nf1 Rfc8 13. Bf4 h6 14. h5 a5
15. Ne3 Qd8 16. Ng4 Bf8 17. c4 bxc4 18. dxc4 Ba6 19. b3 Nb6 20. Bxh6 dxc4
21. Rad1 Qc7 22. Qe4 Ne7 23. Bxg7 Bxg7 24. Nf6+ Bxf6 25. exf6 Nf5 26. Nh4
Kh8 27. Nxf5 exf5 28. Qxf5 Re8 29. Qg5 1-0

[Event "World Blitz 2023"]
[Site "Samarkand UZB"]
[Date "2023.12.30"]
[Round "18.47"]
[White "Gorovets, Andrey"]
[Black "Jumabayev, Rinat"]
[Result "0-1"]
[WhiteElo "2418"]
[BlackElo "2561"]
[EventDate "2023.12.29"]

1. g3 d5 2. Bg2 e5 3. Nf3 Bd6 4. O-O Ne7 5. c4 dxc4 6. Na3 Bxa3 7. bxa3
Nbc6 8. Qc2 Be6 9. Rb1 b6 10. Rd1 O-O 11. Ng5 Bf5 12. e4 Bg4 13. f3 Qd4+
14. Kh1 Bd7 15. d3 c3 16. f4 Bg4 17. Re1 Rad8 18. Rb3 h6 19. Nh3 Qd7 20.
Nf2 Nd4 21. Qxc3 Nxb3 22. axb3 exf4 23. gxf4 Bh5 24. Bb2 f6 25. d4 c6 26.
f5 Rfe8 27. Qh3 Bf7 28. Rg1 h5 29. Bf3 Qd6 30. Bxh5 Qf4 31. Qg2 g5 32. fxg6
Bxb3 33. Bf3 Be6 34. Bc1 Qh4 35. Be3 Kg7 36. Bg4 Bxg4 37. Nxg4 Rh8 38. e5
f5 39. Nf6 Qh3 40. Qxh3 Rxh3 41. Bf2 Nxg6 42. Rg5 f4 43. Kg2 Rhh8 44. h4
Kf7 45. h5 Ne7 46. Kf3 Nd5 47. Bh4 Nxf6 48. Rf5 Rxd4 49. Rxf6+ Kg7 50. Rg6+
Kf8 51. e6 Rh7 52. Bf6 Rd5 53. h6 Rh5 54. Kxf4 R5xh6 55. e7+ Kf7 56. Rg8
Rxf6+ 0-1

[Event "World Blitz 2023"]
[Site "Samarkand UZB"]
[Date "2023.12.30"]
[Round "18.48"]
[White "Ganguly, Surya Shekhar"]
[Black "Zverev, Lev"]
[Result "0-1"]
[WhiteElo "2549"]
[BlackElo "2299"]
[EventDate "2023.12.29"]

1. e4 e5 2. Nf3 Nc6 3. d4 exd4 4. Nxd4 Nf6 5. Nxc6 bxc6 6. Nd2 d5 7. exd5
cxd5 8. Bb5+ Bd7 9. Bxd7+ Qxd7 10. O-O Be7 11. b3 O-O 12. Bb2 c6 13. Qf3
Rfe8 14. Rad1 h6 15. h3 Rad8 16. Rfe1 Nh7 17. Nf1 Bf6 18. Bxf6 Nxf6 19. Ng3
Re6 20. Nf5 Rde8 21. Rxe6 Qxe6 22. Nd4 Qd6 23. Qc3 c5 24. Nf5 Qe6 25. g4 g6
26. Ng3 Qd6 27. Kg2 d4 28. Qf3 Nd5 29. Ne4 Qe5 30. Nxc5 Nf4+ 31. Kf1 Qxc5
32. Qxf4 Qxc2 33. Qxd4 Qxa2 34. Qc4 Qb2 35. Rd7 Qf6 36. Qd5 Re5 37. Rxf7
Qa6+ 0-1

[Event "World Blitz 2023"]
[Site "Samarkand UZB"]
[Date "2023.12.30"]
[Round "18.49"]
[White "Gallego Alcaraz, Andres Felipe"]
[Black "Khusnutdinov, Rustam"]
[Result "0-1"]
[WhiteElo "2384"]
[BlackElo "2499"]
[EventDate "2023.12.29"]

1. d4 d5 2. c4 e6 3. Nf3 Nf6 4. g3 dxc4 5. Bg2 Bd7 6. O-O Bc6 7. a4 a6 8.
Nc3 Nbd7 9. Nd2 Bxg2 10. Kxg2 b5 11. e4 c6 12. e5 Nd5 13. Nde4 Be7 14. h4
O-O 15. Bg5 f6 16. exf6 N7xf6 17. Re1 Qd7 18. Qe2 Rae8 19. axb5 axb5 20.
Bxf6 Nxf6 21. Ng5 Bb4 22. Ra6 Nd5 23. Qc2 Nf6 24. Re2 Bxc3 25. bxc3 h6 26.
Ne4 Qd5 27. Kg1 Nd7 28. Ra7 Rf7 29. Nd2 Ref8 30. Qe4 Nf6 31. Qxe6 Qxe6 0-1

[Event "World Blitz 2023"]
[Site "Samarkand UZB"]
[Date "2023.12.30"]
[Round "18.50"]
[White "Xu, Xiangyu"]
[Black "Urazayev, Arystanbek"]
[Result "1-0"]
[WhiteElo "2491"]
[BlackElo "2408"]
[EventDate "2023.12.29"]

1. d4 d5 2. Bf4 Nf6 3. e3 e6 4. Nf3 c5 5. c3 Nc6 6. Nbd2 Nh5 7. Be5 f6 8.
Bg3 g6 9. Bd3 Be7 10. O-O Nxg3 11. hxg3 cxd4 12. exd4 O-O 13. Re1 Kg7 14.
Nb3 Qd6 15. c4 dxc4 16. Bxc4 Nb4 17. Nc5 Nd5 18. Qe2 Kf7 19. Nd2 b6 20.
Nde4 Qc6 21. Nd3 Kg7 22. Rac1 Qd7 23. Nf4 Nxf4 24. gxf4 Bb7 25. Ng3 Bb4 26.
Bxe6 Qd6 27. Red1 Qxf4 28. d5 Bd6 29. Rc4 Qe5 30. Re4 Qg5 31. Rg4 Qe5 32.
Qd2 f5 33. Re1 fxg4 34. Rxe5 Bxe5 35. Qg5 Bxg3 36. Qe7+ Kh6 37. fxg3 Ba6
38. d6 Rae8 39. Qh4+ Kg7 40. Qxg4 Rf6 41. d7 Rd8 42. Qd4 Bb5 43. a4 Bc6 44.
g4 g5 45. Qe5 h6 46. Bf5 Rxd7 47. Bxd7 Bxd7 48. Qc7 Rf7 49. Qxa7 Bxg4 50.
Qxb6 Bf5 51. a5 Kh7 52. a6 Be4 53. Qe6 Rf4 54. g3 Bf5 55. Qf7+ Kh8 56. gxf4
1-0

[Event "World Blitz 2023"]
[Site "Samarkand UZB"]
[Date "2023.12.30"]
[Round "18.51"]
[White "Suleymenov, Alisher"]
[Black "Chanda, Sandipan"]
[Result "0-1"]
[WhiteElo "2326"]
[BlackElo "2490"]
[EventDate "2023.12.29"]

1. d4 f5 2. Bg5 h6 3. Bh4 g5 4. e3 Bg7 5. Bg3 c5 6. c3 d5 7. Nf3 Nf6 8.
dxc5 O-O 9. Nbd2 Ne4 10. Be5 Nxc5 11. Nb3 Nxb3 12. axb3 Nc6 13. Bxg7 Kxg7
14. b4 g4 15. b5 gxf3 16. bxc6 fxg2 17. Rg1 bxc6 18. Rxg2+ Kh7 19. Qd4 Rg8
20. Rxg8 Qxg8 21. Qe5 Qe6 22. Qg3 Qd6 23. Qh4 e5 24. Bd3 Bd7 25. Kd2 c5 26.
Ra6 Qf8 27. Rf6 Qg7 28. Rd6 e4 29. Be2 Rb8 30. Kc2 Ba4+ 31. b3 Bxb3+ 32.
Kd2 Ba2 33. Bh5 Rb2+ 34. Kc1 Qg1+ 35. Kxb2 Qb1+ 0-1

[Event "World Blitz 2023"]
[Site "Samarkand UZB"]
[Date "2023.12.30"]
[Round "18.52"]
[White "Garayev, Kanan"]
[Black "Kazhgaleyev, Murtas"]
[Result "1-0"]
[WhiteElo "2260"]
[BlackElo "2488"]
[EventDate "2023.12.29"]

1. d4 Nf6 2. g3 c5 3. Nf3 cxd4 4. Nxd4 d5 5. Bg2 e5 6. Nf3 Nc6 7. O-O Be7
8. c4 d4 9. a3 a5 10. e3 O-O 11. exd4 exd4 12. Re1 Bf5 13. Ne5 Rc8 14. Bf4
Bc5 15. Nxc6 bxc6 16. Re5 Bxb1 17. Rxc5 Be4 18. Bg5 Bxg2 19. Kxg2 Qd6 20.
Rxa5 c5 21. Qf3 Nd7 22. Re1 Rfe8 23. Rxe8+ Rxe8 24. Ra8 Rxa8 25. Qxa8+ Nf8
26. Qe8 f6 27. Bf4 Qb6 28. Qe4 Ne6 29. Bd2 Kf7 30. b4 Qa6 31. b5 Qxa3 32.
b6 Qa6 33. b7 Qb6 34. Ba5 Qb3 35. Qc6 Ng5 36. h4 d3 37. hxg5 1-0

[Event "World Blitz 2023"]
[Site "Samarkand UZB"]
[Date "2023.12.30"]
[Round "18.53"]
[White "Vetokhin, Savva"]
[Black "Agmanov, Zhandos"]
[Result "0-1"]
[WhiteElo "2483"]
[BlackElo "2407"]
[EventDate "2023.12.29"]

1. d4 d5 2. c4 e6 3. Nf3 Nf6 4. Nc3 Bb4 5. Bg5 Nbd7 6. cxd5 exd5 7. e3 c5
8. Bd3 Qa5 9. Qc2 c4 10. Bf5 h6 11. Bh4 O-O 12. O-O Re8 13. Nd2 b5 14. a3
Bxc3 15. bxc3 Qb6 16. Rab1 Bb7 17. a4 a6 18. Rfe1 Bc6 19. f3 Qc7 20. Bg3
Qa5 21. e4 Qxa4 22. Qb2 Qa5 23. e5 Nh5 24. e6 Nxg3 25. hxg3 fxe6 26. Bxe6+
Kh8 27. Qc2 Qd8 28. g4 Qf6 29. Bf5 Nf8 30. Qb2 a5 31. f4 g6 32. Bc2 Qxf4
33. Nf3 Rxe1+ 34. Rxe1 Re8 35. Ne5 Kg7 36. Rf1 Qe3+ 37. Kh1 Rxe5 38. dxe5
d4 39. Bd1 dxc3 40. Qc2 Be4 41. Qa2 c2 42. Kh2 c1=Q 43. Qxa5 Qf4+ 44. Rxf4
Qxf4+ 45. Kg1 Qe3+ 46. Kh2 Qf4+ 47. Kh3 Qxe5 48. Qa7+ Kh8 49. Qf2 Qg7 50.
Qb6 c3 51. Bb3 c2 52. Qc5 b4 53. Bxc2 Bxc2 54. Qxc2 Qc3+ 0-1

[Event "World Blitz 2023"]
[Site "Samarkand UZB"]
[Date "2023.12.30"]
[Round "18.54"]
[White "Seemann, Jakub"]
[Black "Pichot, Alan"]
[Result "0-1"]
[WhiteElo "2332"]
[BlackElo "2592"]
[EventDate "2023.12.29"]

1. d4 Nf6 2. c4 e6 3. Nf3 d5 4. g3 Be7 5. Bg2 O-O 6. Qc2 c5 7. dxc5 d4 8.
O-O Nc6 9. Rd1 Bxc5 10. e3 e5 11. a3 a5 12. exd4 exd4 13. Nc3 Bg4 14. h3
Bh5 15. Bf4 Re8 16. Qb3 Qc8 17. Nd5 Nd7 18. Nc7 a4 19. Qc2 Bg6 20. Qd2 Nb6
21. Nxa8 Qxa8 22. Nh4 Nxc4 23. Qc1 N6a5 24. Nxg6 hxg6 25. Bd5 Qa6 26. Qc2
b5 27. Re1 Rd8 28. Qe4 d3 29. Qxd3 Qf6 30. Qe4 g5 31. Be3 Nxe3 32. fxe3 Qd6
33. Rad1 Qxg3+ 34. Qg2 Bxe3+ 35. Kh1 Qxg2+ 36. Kxg2 Bb6 37. Re7 Kh8 38.
Rxf7 Nc4 39. Kh2 Ne3 40. Rd3 Rxd5 41. Rxd5 Nxd5 42. Rf5 Nc7 43. Kg2 Bd4 44.
Rf7 Ne6 45. Rb7 Bxb2 46. Rxb5 Bxa3 47. Re5 Nf4+ 48. Kf3 Bd6 49. Ra5 a3 50.
Kg4 Be7 51. h4 Ng6 52. hxg5 Kg8 53. Kf5 Kf7 54. Ra7 Nf8 55. Ke5 g6 56. Ke4
Ne6 57. Kf3 Nxg5+ 58. Kg4 Ne4 59. Kf4 Nc3 60. Ke3 Ke6 61. Kd3 Nd5 62. Kd4
Nf6 63. Ra6+ Bd6 64. Ke3 g5 65. Ra5 g4 66. Kf2 g3+ 67. Kf3 Nd5 68. Rxa3
Bxa3 69. Kxg3 Kf5 70. Kf3 Nf4 71. Ke3 Bc5+ 72. Kf3 Bd4 73. Kg3 Ke4 74. Kg4
Ne6 75. Kg3 Be3 76. Kg4 Bf4 77. Kh3 Kf3 78. Kh4 Ng7 79. Kh3 Bg5 80. Kh2 Nf5
81. Kh3 Ng3 82. Kh2 Ne4 83. Kh3 Nf2+ 84. Kh2 Bf4+ 85. Kg1 Be5 86. Kf1 Bh2
87. Ke1 Ne4 88. Kf1 Nd2+ 89. Ke1 Ke3 90. Kd1 Kd3 91. Ke1 Bg3+ 92. Kd1 Bf2
93. Kc1 Nc4 94. Kd1 Nb2+ 95. Kc1 Kc3 96. Kb1 Kb3 97. Ka1 Be3 98. Kb1 Nc4
99. Ka1 Bf4 0-1

[Event "World Blitz 2023"]
[Site "Samarkand UZB"]
[Date "2023.12.30"]
[Round "18.55"]
[White "Vescovi, Giovanni"]
[Black "Ansat, Aldiyar"]
[Result "0-1"]
[WhiteElo "2593"]
[BlackElo "2404"]
[EventDate "2023.12.29"]

1. Nf3 Nf6 2. c4 g6 3. Nc3 c5 4. e4 Nc6 5. g3 Bg7 6. Bg2 O-O 7. O-O d6 8.
d3 Rb8 9. h3 a6 10. a4 Nd7 11. Be3 Nd4 12. Rb1 e6 13. Ne1 b6 14. Qd2 Bb7
15. b4 Ba8 16. Kh2 f5 17. Nc2 Qe7 18. f4 Kh8 19. bxc5 bxc5 20. Ne2 e5 21.
fxe5 dxe5 22. Nc3 f4 23. Rxb8 Rxb8 24. gxf4 exf4 25. Bxd4 cxd4 26. Nd5 Bxd5
27. exd5 Rf8 28. Ne1 Nc5 29. Nf3 Qe3 30. Rd1 Rb8 31. Qc2 h6 32. Re1 Qxd3
33. Qxd3 Nxd3 34. Rd1 Nb2 35. Rb1 Bf8 36. Nxd4 Bd6 37. Kh1 Nxc4 38. Rc1 Ne3
39. Be4 Kg7 40. Rc6 Rb4 41. Rxd6 Rxd4 42. Rxg6+ Kf7 43. Re6 Rxa4 44. Bf3
Ra1+ 45. Kh2 Ra2+ 46. Kg1 Nf5 47. Bh5+ Kg7 48. d6 Rd2 49. Rg6+ Kh7 50. d7
Rxd7 51. Rxa6 Ng3 52. Bg6+ Kg7 53. Kg2 Rd1 54. Kf3 0-1

[Event "World Blitz 2023"]
[Site "Samarkand UZB"]
[Date "2023.12.30"]
[Round "18.56"]
[White "Gareyev, Timur"]
[Black "Sapenov, Daniyal"]
[Result "1-0"]
[WhiteElo "2569"]
[BlackElo "2289"]
[EventDate "2023.12.29"]

1. d4 Nf6 2. c4 e6 3. e3 d5 4. Nc3 Bd6 5. Nf3 O-O 6. c5 Be7 7. b4 b6 8. Bd2
a5 9. a3 c6 10. Ne5 Nfd7 11. Nd3 axb4 12. axb4 Rxa1 13. Qxa1 bxc5 14. bxc5
Ba6 15. Be2 Bc4 16. O-O e5 17. Qa7 exd4 18. exd4 Re8 19. Nf4 Bxe2 20. Ncxe2
Bg5 21. Be3 Nf6 22. h3 h6 23. Rb1 Nbd7 24. Qb7 Qc8 25. Ng3 g6 26. Nf1 Nf8
27. Nd3 Ne6 28. Ne5 Qxb7 29. Rxb7 Bxe3 30. fxe3 Nxc5 31. Rc7 Nce4 32. Nxf7
Re6 33. Nxh6+ Kf8 34. Nf7 Ne8 35. Ra7 c5 36. dxc5 Nxc5 37. Ng5 Rb6 38. Nd2
Nd6 39. Ra5 Rc6 40. Rxc5 1-0

[Event "World Blitz 2023"]
[Site "Samarkand UZB"]
[Date "2023.12.30"]
[Round "18.57"]
[White "Kobalia, Mikhail"]
[Black "Saydaliev, Saidakbar"]
[Result "1/2-1/2"]
[WhiteElo "2558"]
[BlackElo "2323"]
[EventDate "2023.12.29"]

1. e4 e5 2. Nf3 Nc6 3. Bb5 a6 4. Ba4 Nf6 5. O-O Bc5 6. c3 b5 7. Bb3 d6 8.
d4 Bb6 9. h3 O-O 10. Be3 Rb8 11. Nbd2 Re8 12. Re1 Bb7 13. a3 h6 14. Bc2
exd4 15. cxd4 Ne7 16. d5 Bxe3 17. Rxe3 c5 18. dxc6 Nxc6 19. Nf1 Ne5 20.
Nxe5 dxe5 21. Qxd8 Rexd8 22. f3 Nd7 23. Rd1 Nc5 24. Rc3 Ne6 25. Ne3 Nd4 26.
Nf5 Ne2+ 27. Kf2 Nxc3 28. bxc3 Rxd1 29. Bxd1 Rd8 30. Be2 Rd2 31. Ke3 Ra2
32. Nd6 Bc6 33. Kd3 Rxa3 34. Bd1 b4 1/2-1/2

[Event "World Blitz 2023"]
[Site "Samarkand UZB"]
[Date "2023.12.30"]
[Round "18.58"]
[White "Chinguun, Sumiya"]
[Black "Van Foreest, Lucas"]
[Result "0-1"]
[WhiteElo "2200"]
[BlackElo "2519"]
[EventDate "2023.12.29"]

1. e4 e5 2. Nf3 Nf6 3. Nc3 Nc6 4. d4 exd4 5. Nxd4 Bb4 6. Nxc6 dxc6 7. Qxd8+
Kxd8 8. f3 Ke7 9. a3 Bxc3+ 10. bxc3 Be6 11. Bf4 Rac8 12. O-O-O Nd7 13. Be3
b6 14. Ba6 Rcd8 15. Rd2 Ne5 16. Bf4 Rxd2 17. Kxd2 f6 18. Be2 0-1

[Event "World Blitz 2023"]
[Site "Samarkand UZB"]
[Date "2023.12.30"]
[Round "18.59"]
[White "Leiva, Gianmarco"]
[Black "Bologan, Victor"]
[Result "0-1"]
[WhiteElo "2338"]
[BlackElo "2489"]
[EventDate "2023.12.29"]

1. d4 Nf6 2. Nf3 e6 3. Bf4 b6 4. e3 Bb7 5. Bd3 c5 6. c3 Be7 7. h3 O-O 8.
O-O d6 9. Re1 cxd4 10. cxd4 d5 11. Nc3 a6 12. Ne5 Nbd7 13. Bg3 b5 14. Rc1
Rc8 15. Bb1 Ne4 16. Nxe4 dxe4 17. Nxd7 Qxd7 18. Qd2 Bd6 19. Bxd6 Qxd6 20.
Rxc8 Rxc8 21. Rc1 Rd8 22. Qc3 Bd5 23. Qc7 h5 24. h4 b4 25. Qxd6 Rxd6 26.
Rc5 f5 27. Kh2 Kf7 28. Kg3 Kf6 29. Kf4 Rd8 30. Bc2 Rg8 31. f3 g5+ 32. hxg5+
Rxg5 33. fxe4 fxe4 34. Bd1 Rxg2 35. Bxh5 Rf2+ 36. Kg3 Rxb2 37. Rc7 Rxa2 38.
Kf4 Rf2+ 39. Kg4 Rg2+ 40. Kf4 Rg7 41. Rc8 b3 42. Rf8+ Ke7 43. Rb8 Kd6 44.
Rb6+ Kc7 45. Rb4 a5 46. Rb5 a4 47. Be8 a3 48. Rc5+ Kd6 0-1

[Event "World Blitz 2023"]
[Site "Samarkand UZB"]
[Date "2023.12.30"]
[Round "18.60"]
[White "Nasuta, Grzegorz"]
[Black "Rojas Salas, Steven"]
[Result "1/2-1/2"]
[WhiteElo "2467"]
[BlackElo "2210"]
[EventDate "2023.12.29"]

1. e4 c5 2. Nf3 e6 3. d4 cxd4 4. Nxd4 a6 5. a3 Qc7 6. c4 Nf6 7. Nc3 b6 8.
Be3 Bb7 9. f3 Nc6 10. Nxc6 Bxc6 11. Be2 Bd6 12. g3 O-O 13. Qd2 Be5 14. Rc1
Qb8 15. Bd4 b5 16. Bxe5 Qxe5 17. cxb5 axb5 18. O-O Qc5+ 19. Kg2 Qb6 20. Qd6
Rfb8 21. Qb4 h5 22. Rfd1 h4 23. e5 Nd5 24. Nxd5 Bxd5 25. Qxh4 Qe3 26. Re1
Ra4 27. g4 Rd4 28. Qf2 Rxg4+ 29. Kf1 Qxf2+ 30. Kxf2 Rh4 31. Kg3 g5 32. Rc5
b4 33. a4 b3 34. Bb5 Rd4 35. Re2 Rd1 36. Rc7 Rf1 37. Rf2 Rg1+ 38. Rg2 Re1
39. Kf2 Rxe5 40. f4 Bxg2 41. fxe5 Bc6 42. Bxc6 dxc6 43. Rxc6 Rb4 44. a5 Ra4
45. a6 Ra2 46. Ke3 Kg7 47. Rb6 Kg6 48. a7 Rxa7 49. Rxb3 Kf5 50. Rb5 Ra4 51.
Kf3 Rh4 52. Kg3 Re4 53. Rb7 Kg6 54. Rb5 Re3+ 55. Kf2 Rh3 56. Kg2 Rd3 57.
Kf2 Kf5 58. Rb7 Kxe5 59. Rxf7 Rb3 60. Rf8 Ke4 61. Rg8 Kf4 62. Rf8+ Kg4 63.
Re8 Rxb2+ 64. Kg1 Rb6 65. Kg2 Rb2+ 66. Kg1 Kf3 67. Rf8+ Kg4 1/2-1/2

[Event "World Blitz 2023"]
[Site "Samarkand UZB"]
[Date "2023.12.30"]
[Round "18.61"]
[White "Pingin, Artem"]
[Black "Kakabayev, Mergen"]
[Result "0-1"]
[WhiteElo "2358"]
[BlackElo "2255"]
[EventDate "2023.12.29"]

1. e4 e6 2. d4 d5 3. Nc3 Nf6 4. Bg5 Bb4 5. e5 h6 6. Bc1 Ne4 7. Ne2 c5 8. a3
Nxc3 9. Nxc3 Ba5 10. Bd2 cxd4 11. Nb5 Bxd2+ 12. Qxd2 O-O 13. Nxd4 Nc6 14.
Nf3 Qb6 15. O-O-O Bd7 16. Bd3 Rac8 17. Kb1 Na5 18. Nd4 f5 19. exf6 Rxf6 20.
f4 Kh8 21. Qe3 Be8 22. Rhe1 Bf7 23. g3 Bg8 24. Nf3 Qxe3 25. Rxe3 Nc6 26.
Rde1 Bf7 27. c3 Bh5 28. Ne5 Nxe5 29. Rxe5 Bg4 30. Ka2 Kg8 31. Kb3 Rc6 32.
a4 Rf8 33. Ka3 Rd8 34. Bb5 Rcd6 35. Rh1 d4 36. cxd4 Rxd4 37. h3 Bf3 38.
Rhe1 Bd5 39. R1e3 Rc8 40. Bd3 Rc1 41. b3 Rc3 42. Bf1 Rc1 43. Bd3 Kf8 44.
Be4 Bxe4 45. R5xe4 Rxe4 46. Rxe4 Rc3 47. g4 Rxh3 48. Rxe6 Rg3 49. Rg6 Kf7
50. f5 Rf3 51. Rd6 Ke7 52. Re6+ Kf7 53. Rd6 Ke7 54. Rg6 Kf7 55. Rd6 Ke7 56.
Rd5 Rf4 57. Rc5 Kd6 58. Rb5 b6 59. a5 Kc6 60. Re5 Rxg4 61. a6 b5 62. Re6+
Kc5 63. f6 gxf6 64. Rxf6 Rh4 65. Rg6 Rh1 66. Kb2 b4 67. Kc2 Kb5 68. Rf6
Rh2+ 69. Kb1 h5 70. Rh6 h4 71. Kc1 h3 72. Kb1 Kc5 73. Kc1 Kd4 74. Rh7 Kc3
75. Rc7+ Kxb3 76. Rxa7 Rc2+ 77. Kd1 h2 78. Rh7 Ra2 79. Rh3+ Kc4 80. a7 Rxa7
81. Rxh2 Ra1+ 82. Kc2 Ra2+ 0-1

[Event "World Blitz 2023"]
[Site "Samarkand UZB"]
[Date "2023.12.30"]
[Round "18.62"]
[White "Sattarov, Bobir"]
[Black "Xue, Haowen"]
[Result "1-0"]
[WhiteElo "2351"]
[BlackElo "2155"]
[EventDate "2023.12.29"]

1. e4 c6 2. c4 d5 3. exd5 cxd5 4. cxd5 Nf6 5. Qa4+ Nbd7 6. Nc3 g6 7. Bc4
Bg7 8. d3 O-O 9. Nf3 a6 10. Qa3 Nb6 11. Qb3 Bg4 12. Ne5 Bf5 13. Be3 Nxc4
14. dxc4 Qc7 15. f4 Ne4 16. Bb6 Qd6 17. Bd4 b5 18. cxb5 axb5 19. Rd1 b4 20.
Nb5 Qb8 21. Qxb4 Rxa2 22. O-O Bxe5 23. Bxe5 Qb6+ 24. Bd4 Qb7 25. Qc4 Ra5
26. Nc3 Nd6 27. Qe2 h5 28. h3 Qd7 29. Rfe1 Re8 30. b4 Ra3 31. Rc1 f6 32.
Bc5 Kf7 33. Bxd6 Qxd6 34. Nb5 Qb6+ 35. Rc5 Rb3 36. Qc4 Rg3 37. Kh2 h4 38.
d6+ Kg7 39. Rxe7+ Rxe7 40. dxe7 Qb7 41. Qd5 Qxe7 42. Rc7 Qxc7 43. Nxc7 Re3
44. Qd4 1-0

[Event "World Blitz 2023"]
[Site "Samarkand UZB"]
[Date "2023.12.30"]
[Round "18.63"]
[White "Shogdzhiev, Roman"]
[Black "Mustafaev, Jamshid"]
[Result "0-1"]
[WhiteElo "2117"]
[BlackElo "2323"]
[EventDate "2023.12.29"]

1. e4 c5 2. Nf3 d6 3. d4 cxd4 4. Nxd4 Nf6 5. Nc3 a6 6. g3 g6 7. Bg2 Bg7 8.
O-O O-O 9. h3 Bd7 10. Be3 Nc6 11. a4 Qc7 12. f4 e5 13. Nxc6 bxc6 14. fxe5
dxe5 15. Bc5 Rfe8 16. a5 Be6 17. Bb6 Qb7 18. b3 Nd7 19. Be3 Bf8 20. Na4
Rad8 21. Qe1 Qb5 22. Nb6 Bc5 23. Nxd7 Rxd7 24. Qf2 Bxe3 25. Qxe3 Red8 26.
Rf2 c5 27. h4 c4 28. bxc4 Qxc4 29. Re1 h5 30. Qg5 Qc5 31. Qe3 Qxa5 32. Kh2
Rd2 33. Ref1 Rxf2 34. Rxf2 Qc7 35. Qa3 a5 36. Qa1 Qc5 37. Re2 Rd4 38. Qb2
a4 39. Re3 Rb4 40. Qa3 Rc4 41. Qxc5 Rxc5 42. Ra3 Bd7 43. c3 Rc7 44. Bf3 Kf8
45. Bd1 Ra7 46. Kg1 Ke7 47. Kf2 Kd6 48. Ke3 Kc5 49. Bc2 Bc6 50. Bd3 0-1

[Event "World Blitz 2023"]
[Site "Samarkand UZB"]
[Date "2023.12.30"]
[Round "18.64"]
[White "Akhmedov, David"]
[Black "O`gorman, Tom"]
[Result "0-1"]
[WhiteElo "2154"]
[BlackElo "2288"]
[EventDate "2023.12.29"]

1. e4 e5 2. Nf3 Nc6 3. Nc3 Nf6 4. g3 Bc5 5. Bg2 d6 6. d3 a6 7. h3 O-O 8.
O-O Ba7 9. Be3 Nd4 10. Bxd4 exd4 11. Ne2 c5 12. Nd2 d5 13. e5 Ne8 14. c4
Nc7 15. f4 Bf5 16. Nc1 f6 17. g4 Bc8 18. exf6 Rxf6 19. f5 b5 20. Ne2 bxc4
21. dxc4 Rb8 22. b3 dxc4 23. Nxc4 Nd5 24. Ng3 Bb7 25. Ne4 Rf8 26. Qd2 Ba8
27. Rae1 Qc7 28. Ng5 Ne3 29. Nxe3 dxe3 30. Qe2 c4 31. Ne6 Qg3 32. Nxf8 Bxg2
33. Qxg2 e2+ 34. Kh1 exf1=Q+ 35. Qxf1 Kxf8 36. f6 g6 37. Re7 Bc5 38. Rxh7
Bd6 39. Qe2 0-1

[Event "World Blitz 2023"]
[Site "Samarkand UZB"]
[Date "2023.12.30"]
[Round "18.65"]
[White "Drazic, Sinisa"]
[Black "Bakhrillaev, Bakhrom"]
[Result "1-0"]
[WhiteElo "2276"]
[BlackElo "1994"]
[EventDate "2023.12.29"]

1. d4 Nf6 2. Bg5 Ne4 3. Bf4 c5 4. dxc5 Qa5+ 5. Nd2 Nxd2 6. Qxd2 Qxc5 7. e4
Nc6 8. Ne2 g6 9. Nc3 Bg7 10. f3 O-O 11. Bh6 Bxh6 12. Qxh6 Nb4 13. O-O-O d5
14. a3 Nxc2 15. Rxd5 Qe3+ 16. Qxe3 Nxe3 17. Rd2 Nxf1 18. Rxf1 Be6 19. Kc2
Rac8 20. Rfd1 Kg7 21. b3 h5 22. h4 a6 23. a4 b5 24. axb5 axb5 25. Kb2 Rc5
26. Na2 Rfc8 27. Rc1 Rxc1 28. Nxc1 f6 29. Na2 g5 30. g3 gxh4 31. gxh4 Kf7
32. Nc3 b4 33. Ne2 Rc5 34. Rc2 Ra5 35. Nf4 Bd7 36. Rc7 Ke8 37. Nd3 Rb5 38.
Nc5 Bh3 39. f4 Rb6 40. Nd3 Rd6 41. Nxb4 Rd1 42. Nd5 Bd7 43. Kc3 Rh1 44. Kd4
Rxh4 45. b4 Kd8 46. Ra7 Ke8 47. b5 Bxb5 48. Nc7+ Kf8 49. Nxb5 Rxf4 50. Ke3
Rf1 51. Nd4 h4 52. Ra8+ Kf7 53. Rh8 Re1+ 54. Ne2 Rh1 55. Nf4 Kg7 56. Rh5 e5
57. Nd5 Kg6 58. Rf5 Re1+ 59. Kd3 h3 60. Rf2 Kg5 61. Nxf6 h2 62. Nh7+ Kg6
63. Rxh2 Rd1+ 64. Ke2 Rd8 65. Kf3 Rh8 66. Kg4 Rd8 67. Ng5 Rd4 68. Rc2 Rd6
69. Rc5 Kf6 70. Nf3 Re6 71. Rd5 Re7 72. Rd6+ Kf7 73. Kf5 Ra7 74. Nxe5+ Kf8
75. Rh6 Ra1 76. Rh3 Ke7 77. Rh7+ Ke8 78. Ng4 Rf1+ 79. Ke6 Kf8 80. e5 Re1
81. Ra7 Re4 82. Ra8+ Kg7 83. Nf6 Re3 84. Rg8+ Kh6 85. Rd8 Kg7 86. Rd7+ Kg6
87. Nd5 Re4 88. Rd8 Re1 89. Rd7 Re4 90. Kd6 Kf5 91. Rf7+ Kg6 92. Rf2 Ra4
93. e6 Ra6+ 94. Ke5 Kg7 95. Rf7+ Kg6 96. Ne7+ Kh6 97. Rf2 Kg7 98. Nd5 Kg6
99. e7 Ra8 100. Rf8 1-0